000 01460nam a2200217 u 4500
001 000477582
003 AM-YeHGA
005 20250617134028.0
008 060301s|||| ||| r ||| 0 rus d
020 _a5833802261
040 _aAM-YeHGA
041 0 _arus
245 0 0 _aМахабхарата :
_b[Филос. тексты] /
_cАН ТССР.
250 _a2-е изд.
260 _aАшхабад :
_bЫлым.
300 _aвып.
505 1 0 _gВып. I (1986, 161 с.: ил. ) :
_tДве поэмы из III кн. : Сказание о Нале; Супружеская верность ;
_gВып. III (1985, 488 с.: ил. ) :
_tГорец
_gВып. V, Кн. 1 (1983, 664 с.)
_tМокшадхарма (основа освобождения) : (Кн. 12, гл. 175-367, шлоки 6457-12649)
_gВып. V (1984, 326 с.: ил. ) :
_tНараяния (Кн. 12, гл. 175-367, шлоки 6457-13943);
_gВып. VI(1989, 584 с.: ил. ) :
_tЛесная : Хождение по криницам (кн. III, гл. 80-175, 311-315)
_gВып. VII (1981, 291 с.: ил. )
_tКнига о Бхишме; Книга о побоище палицами
_gВып. VIII (1982, 204 с.: ил. )
_tКнига о нападении на спящих (кн. X, гл. 1-18); Книга о женах (кн. XI, гл.1-27)
653 0 _aЭпос народов Индии (х. л.)
710 2 _aАкадемия наук Туркменской ССР
090 _c176593
999 _c175151
_d175151